000 00756nam a2200217Ia 4500
003 GCL
008 140319s9999 xx 000 0 ara d
040 _aGCL /
_cGCL
082 0 4 _a005.13
_bب ل
100 1 _aخالد العامرى
245 1 0 _aلغات برمجة الويب : انشاء تطبيقات الانترنت /
_cخالد العامرى
700 1 _aبيتس، كريس
260 _aالقاهرة :
_bدار الفاروق للنشر والتوزيع ،
_c2004
300 _a728 ص ؛
_c24 سم
650 0 4 _aالإنترنت
650 0 4 _aالحاسبات الالكترونية - لغات
650 0 4 _aاتش تى ام ال
650 0 4 _aجافا سكريبت
650 0 4 _aانشاء صفحات الويب
942 _2ddc
_cBK
999 _c7240
_d7240